Vietnam research and forecast report (Record no. 83924)

MARC details
000 -LEADER
fixed length control field 01243cab a22002175a 4500
001 - CONTROL NUMBER
control field L155876
008 - FIXED-LENGTH DATA ELEMENTS--GENERAL INFORMATION
fixed length control field 120418e2012 xxk 000 0 eng d
035 ## - SYSTEM CONTROL NUMBER
System control number (Sirsi) u155876
041 0# - LANGUAGE CODE
Language code of text/sound track or separate title eng
110 2# - MAIN ENTRY--CORPORATE NAME
Corporate name or jurisdiction name as entry element Colliers International
9 (RLIN) 5548
245 00 - TITLE STATEMENT
Title Vietnam research and forecast report
Remainder of title 1Q 2012
Medium [electronic resource]
260 ## - PUBLICATION, DISTRIBUTION, ETC.
Place of publication, distribution, etc. [S.l.]
Name of publisher, distributor, etc. Colliers International
Date of publication, distribution, etc. 2012
490 #0 - SERIES STATEMENT
Series statement Colliers International Vietnam Research and Forecast Report
Volume/sequential designation 1Q 2012
520 ## - SUMMARY, ETC.
Summary, etc. Hanoi and Ho Chi Minh City experienced a downward trend in apartment selling prices and office/retail asking rents in 1Q 2012. Economic factors continue impacting negatively on property market performance. Competition to attract office tenants is fierce. Potential retail market still attracts international developers. Large surplus of new buildings will cause downward pressure on office, retail, and apartment selling prices in the next quarter. Provides market indicators: economy; office, retail and apartment sectors.
590 ## - LOCAL NOTE (RLIN)
Local note KA
651 #4 - SUBJECT ADDED ENTRY--GEOGRAPHIC NAME
Geographic name Vietnam
690 ## - LOCAL SUBJECT ADDED ENTRY--TOPICAL TERM (OCLC, RLIN)
Topical term or geographic name as entry element Commercial property
9 (RLIN) 6227
690 ## - LOCAL SUBJECT ADDED ENTRY--TOPICAL TERM (OCLC, RLIN)
Topical term or geographic name as entry element Residential property
9 (RLIN) 6266
856 40 - ELECTRONIC LOCATION AND ACCESS
Uniform Resource Identifier <a href="https://dsg.colliers.com/document.aspx?report=2771.pdf">https://dsg.colliers.com/document.aspx?report=2771.pdf</a>
Public note View the report at dsg.colliers.com
942 ## - ADDED ENTRY ELEMENTS (KOHA)
Suppress in OPAC 0
Holdings
Withdrawn status Lost status Source of classification or shelving scheme Damaged status Not for loan Home library Current library Shelving location Date acquired Total Checkouts Full call number Barcode Date last seen Copy number Price effective from Koha item type
    Dewey Decimal Classification     Virtual Virtual Online 18/04/2012   ONLINE PUBLICATION 155876-2001 06/08/2019 1 06/08/2019 Book